00627nam a2200229Ia 4500008004100000020002200041050001600063050001400079100001700093245002400110245003800134245004700172250001600219260001300235260002000248260000900268300001600277300003300293300001100326650003200337650002800369200601s9999 xx 000 0 und d a978-0-12-816916-1 aComSc QA 76 b.I56 2019 aInmon, W. H. 0aData architecture : 2ba primer for the data scientist / 0cW. H. Inmon, Daniel Linstedt, Mary Levins. a2nd Edition aLondon : bAcademic Press, c2019 a416 pages : billustrations (some color) ; c24 cm. aElectronic data processing. xInformation technology.